| 000 | 01487cam a2200373 i 4500 | ||
|---|---|---|---|
| 001 | 25236 | ||
| 003 | Mx-PuUPA | ||
| 005 | 20250924150849.0 | ||
| 008 | 140415s2010 ag gr 000 0 spa d | ||
| 020 | _a9789871297368 | ||
| 040 |
_aMx-PuUPA _bspa _cMx-PuUPA _dMx-PuUPA _erda |
||
| 041 | 1 |
_aspa _hita |
|
| 100 | 1 |
_aGalleni, Lodovico, _eautor _917425 |
|
| 240 | 1 | 0 |
_aDarwin, Teilhard de Chardin e gli altri. _lEspañol |
| 245 | 1 | 0 |
_aDarwin, Teilhard de Chardin y los otros : _blas tres teorías de la evolución / _cLudovico Galleni ; traducción, Néstor Saporiti, |
| 250 | _a1a edición | ||
| 264 | 1 |
_aBuenos Aires, República Argentina : _bEditorial Epifanía, _c2010 |
|
| 300 |
_a149 páginas ; _c20 cm |
||
| 336 |
_2rdacontent _atexto _btxt |
||
| 337 |
_2rdamedia _asin medio _bn |
||
| 338 |
_2rdacarrier _avolumen _bnc |
||
| 490 | 0 | _aCiencia y religión en diálogo | |
| 600 | 1 | 4 |
_aDarwin, Charles Robert _d1809-1882 _xCrítica e interpretación |
| 600 | 1 | 4 |
_aTeilhard de Chardin, Pierre S. J., _d1881-1955 _xCrítica e interpretación |
| 650 | 7 |
_913986 _2armarc _aEvolución (Biología) _xFilosofía |
|
| 650 | 7 |
_2armarc _aEvolución _xFilosofía |
|
| 650 | 7 |
_2armarc _aReligión y ciencia |
|
| 700 | 1 |
_aSaporiti, Néstor, _etraductor |
|
| 765 | 0 |
_aLudovico, Galleni _tDarwin, Teilhard de Chardin e gli altri. _dBuenos Aires : Editorial Epifanía, 2010 |
|
| 942 |
_2ddc _cLI _h116 _iG4618 |
||
| 999 |
_c25236 _d25236 |
||